Dans quel univers apparaît ce(tte) psychologue/psychiatre de fiction ? - Statistiques

Statistiques générales
  • Ce quiz a été pris 18 fois
  • Le résultat moyen est 4 sur 20
Statistiques - réponses
Par images Réponse % Correct
Le Silence des agneaux
61%
DC Comics
56%
Donald
50%
NCIS: Enquêtes Spéciales
44%
X-Files
28%
Lucifer
22%
13 Reasons Why
17%
Lost: Les Disparus
17%
Sixième Sens
17%
Stranger Things
17%
Halloween
11%
Les Soprano
11%
Once upon a time
11%
Buffy contre les vampires
6%
Grey's Anatomy
6%
Les Griffes de la nuit
6%
Dr House
0%
Melrose Place
0%
Sauveur et Fils
0%
Sex Education
0%
Aucun quiz correspondant
Distribution des résultats
% des personnes avec chaque résultat
Percentile par nombre de réponses
Votre historique - résultats
Vous n’avez pas pris ce quiz